| 000 | 00402 a2200157 4500 | ||
|---|---|---|---|
| 003 | NUST | ||
| 005 | 20230530124316.0 | ||
| 040 | _cNust | ||
| 082 | _a005.133,REF | ||
| 245 |
_aTurbo C++ / _cLibrary Reference |
||
| 260 |
_aNew York _bBorland _c1990 |
||
| 300 | _a617 p.; | ||
| 505 | _aIntroduction (Page-1), Global Variables (Page-579). | ||
| 650 |
_aTurbo C++ _9112874 |
||
| 942 |
_2ddc _cBK _k005.133,REF |
||
| 999 |
_c194731 _d194731 |
||